The Malaysian judiciary : (Record no. 1902)

000 -LEADER
fixed length control field nam a22 a 4500
003 - CONTROL NUMBER IDENTIFIER
control field AKMAL
005 - DATE AND TIME OF LATEST TRANSACTION
control field 20170512115213.0
008 - FIXED-LENGTH DATA ELEMENTS--GENERAL INFORMATION
fixed length control field 170512s1994 my 00 eng d
020 ## - INTERNATIONAL STANDARD BOOK NUMBER
International Standard Book Number 0409996939:
Terms of availability RM 99.00
040 ## - CATALOGING SOURCE
Original cataloging agency AKMAL
082 04 - DEWEY DECIMAL CLASSIFICATION NUMBER
Classification number 347.595 MAC
090 ## - LOCALLY ASSIGNED LC-TYPE CALL NUMBER (OCLC); LOCAL CALL NUMBER (RLIN)
Classification number (OCLC) (R) ; Classification number, CALL (RLIN) (NR) 347.595
Local cutter number (OCLC) ; Book number/undivided call number, CALL (RLIN) MAC
100 1# - MAIN ENTRY--PERSONAL NAME
Personal name Foong, James,
Titles and words associated with a name Dato'
9 (RLIN) 3948
245 14 - TITLE STATEMENT
Title The Malaysian judiciary :
Remainder of title a record from 1786 to 1993 /
Statement of responsibility, etc. Dato James Foong
260 ## - PUBLICATION, DISTRIBUTION, ETC.
Place of publication, distribution, etc. Kuala Lumpur :
Name of publisher, distributor, etc. Malayan Law Journal,
Date of publication, distribution, etc. 1994
300 ## - PHYSICAL DESCRIPTION
Extent 119p. :
Other physical details col. ill. ;
Dimensions 29cm
500 ## - GENERAL NOTE
General note Text includes list of superior court judges from 1808-1993
521 ## - TARGET AUDIENCE NOTE
Target audience note Intended audience: Adult
650 ## - SUBJECT ADDED ENTRY--TOPICAL TERM
Topical term or geographic name entry element Courts
Geographic subdivision Malaysia
9 (RLIN) 3771
650 ## - SUBJECT ADDED ENTRY--TOPICAL TERM
Topical term or geographic name entry element Justice, Administration of
General subdivision History
Geographic subdivision Malaysia
9 (RLIN) 3949
650 ## - SUBJECT ADDED ENTRY--TOPICAL TERM
Topical term or geographic name entry element Judges
General subdivision History
Geographic subdivision Malaysia
9 (RLIN) 3950
942 ## - ADDED ENTRY ELEMENTS (KOHA)
Source of classification or shelving scheme
Koha item type Book
Holdings
Withdrawn status Lost status Source of classification or shelving scheme Damaged status Not for loan Collection code Home library Current library Shelving location Date acquired Inventory number Total Checkouts Full call number Barcode Date last seen Price effective from Koha item type
          NON-FICTION AKMAL Melaka AKMAL Melaka PINJAMAN 12.05.2017 002641   347.595 MAC 201705908 12.05.2017 12.05.2017 Book
Pusat Sumber Maklumat Dato' Haji Sarmin Md Hussin, Akademi Kastam Diraja Malaysia, Melaka
Tel: 06-2331106 | Faks: 06-2313787